| 000 | 00499nam a2200157 i 4500 | ||
|---|---|---|---|
| 001 | 59260 | ||
| 003 | ES-MaACL | ||
| 005 | 20230906164011.0 | ||
| 007 | t| | ||
| 008 | 031028s1939 sp ||||1| spa d | ||
| 100 | 1 |
_aEijo y Garay, Leopoldo. _946828 |
|
| 245 | 1 | 3 |
_aLa hora presente / _ccarta pastoral que Leopoldo Eijo Garay, Obispo de Madrid Alcalá dirige a sus diocesanos. |
| 260 |
_a[Vitoria : _bEditorial Social Católica, _c1939] |
||
| 300 |
_a32 p. ; _c17 cm. |
||
| 852 |
_aES-MaACL _j1827-F-10 |
||
| 999 |
_c59260 _d59260 |
||